Taylor Swift - The life of a showgirl - First lyrics quiz - Statistics

General Stats
  • This quiz has been taken 62 times
  • The average score is 11 of 12
Answer Stats
Lyrics Song % Correct
Her name was Kitty The life of a showgirl
98%
I heard you calling on the megaphone The fate of Ophelia
97%
I heard you call me "Boring Barbie" when the coke's got you brave Actually romantic
93%
I had a bad habit Opalite
93%
You thought that it would be okay, at first Cancelled!
92%
That view of Portofino was on my mind when you called me at the Plaza Athénée Elizabeth Taylor
92%
You can call me "[title of the song]" if you want because I'm the one you want Honey
90%
Everybody's so punk on the internet Eldest daughter
88%
They want that yacht life, under chopper blades Wi$h li$t
88%
When I found you, you were young, wayward, lost in the cold Father figure
87%
Daisy's bare naked, I was distraught Wood
87%
Glistening grass from September rain Ruin the friendship
85%
No matching quizzes found
Score Distribution
Percent of People with Each Score
Percentile by Number Answered
Your Score History
You have not taken this quiz